150 maneras de incrementar la motivación en la clase
Salvato in:
| Autore principale: | |
|---|---|
| Natura: | Libro |
| Lingua: | spagnolo |
| Pubblicazione: |
Buenos Aires
Troquel
1998
|
| Soggetti: | |
| Tags: |
Aggiungi Tag
Nessun Tag, puoi essere il primo ad aggiungerne!!
|
MARC
| LEADER | 00000nam a2200000 a 4500 | ||
|---|---|---|---|
| 001 | UCP6797 | ||
| 003 | CL-VaPUC | ||
| 008 | 991119e19980000AG |||||||||||||||||spa|d | ||
| 082 | 0 | 4 | |a 370.15 |b RAF |2 21 |
| 100 | 0 | |a Raffini, James P |e author |9 436086 | |
| 245 | 1 | 0 | |a 150 maneras de incrementar la motivación en la clase |
| 300 | |a 253 p | ||
| 942 | |c BK | ||
| 945 | |d 19991119 00:00:00 |a rbrito | ||
| 260 | |a Buenos Aires |b Troquel |c 1998 | ||
| 650 | 0 | |a Psicología del aprendizaje |9 306854 | |
| 650 | 0 | |a Métodos de enseñanza |9 270413 | |
| 650 | 0 | |a Autoestima |9 308492 | |
| 650 | 0 | |a Inteligencia |9 267038 | |
| 650 | 0 | |a Motivación |9 315362 | |
| 583 | |a last modification |c 19991119 00:00:00 |k Rodrigo Vera | ||
| 999 | |c 284232 |d 284230 | ||
| 952 | |0 0 |1 0 |4 0 |6 370_150000000000000_RAF_1998 |7 0 |8 A |9 328047 |a BIBEDU |b BIBEDU |d 2019-11-20 |i 3577414 |o 370.15 RAF 1998 |p 3577414 |r 2019-11-20 |w 2019-11-20 |y BK |k EPE | ||
| 952 | |0 0 |1 0 |4 0 |6 370_150000000000000_RAF_1998 |7 0 |8 A |9 328048 |a BIBEDU |b BIBEDU |d 2019-11-20 |i 3669211 |o 370.15 RAF 1998 |p 3669211 |r 2019-11-20 |w 2019-11-20 |y BK |k BME | ||
| 952 | |0 0 |1 0 |4 0 |6 370_150000000000000_RAF_1998 |7 0 |8 A |9 328049 |a BIBEDU |b BIBEDU |d 2019-11-20 |i 3918440 |o 370.15 RAF 1998 |p 3918440 |r 2019-11-20 |w 2019-11-20 |y BK |k EPE | ||